000 01097nam a2200301 i 4500
003 DO-SdBNP
005 20260417085403.0
007 ta
008 260417b2009 ck ||||| |||| 00| 0 spa d
020 _a9789587380194
040 _aDO-SdBNP
_bspa
_cBNPHU
_erda
041 _aspa
082 4 _axxx
_bxxx
_222
100 _aTobón, Natalia,
_eautor
_4aut.
_989349
245 1 0 _aLibertad de expresión y derecho de autor :
_bguía legal para periodistas /
_cNatalia Tobón Franco ; corrección, Andrés Cote
264 4 _aBogotá, Colombia :
_bEditorial Universidad del Rosario,
_c©2009.
300 _a219 páginas ;
_c24 cm.
336 _atexto
_btxt
_2rdacontent
337 _asin mediación
_bn
_2rdamedia
338 _avolumen
_bnc
_2rdacarrier
490 1 _aColección Textos de Jurisprudencia
500 _aIncluye referencias bibliográficas y notas al pie de las páginas
500 _aIncluye datos biográficos del autor en la solapa de la cubierta
590 _aInventariado, 2026/BT
700 _aCote, Andrés,
_ecorrector
_4corr.
_989350
910 _aBtavárez
942 _2ddc
_cLBS1
999 _c60568
_d60568